| 000 | 00690nam a2200241 i 4500 | ||
|---|---|---|---|
| 999 |
_c6605 _d6605 |
||
| 001 | 6605 | ||
| 003 | BD-JhCC | ||
| 005 | 20180127104521.0 | ||
| 008 | 970508s1961 enka 001 0 eng d | ||
| 035 | _a(BD-JhCC)6605 | ||
| 040 |
_aBD-JhCC _cCHS _dBD-JhCC |
||
| 041 | _aeng | ||
| 082 | 0 | 4 |
_a591.524 _218 _bAND 1963 |
| 100 | 1 |
_aAndrewartha, H. G. _q(Herbert George), _d1907-1992 |
|
| 245 | 1 | 0 |
_aIntroduction to the study of animal populations / _cby H.G. Andrewartha. |
| 260 |
_aLondon : _bMethuen, _cc1961. |
||
| 300 |
_axvii, 281 p. : _bill. ; _c23 cm. |
||
| 504 | _aIncludes bibliography. | ||
| 650 | 0 | _aAnimal populations. | |
| 650 | 0 | _aEuthenics. | |
| 942 |
_2ddc _cBK |
||